000 00353 a2200157 4500
001 56898
020 _a8508095155
040 _cAnchieta - Pituba
100 _aAguiar, Luiz Antonio
240 1 0 _aO mundo é dos canários
_lpor
245 1 0 _aO mundo é dos canários
300 _a149
362 0 _a2005
650 4 _aLiteratura juvenil
942 _cBK
999 _c56898
_d56898